Independence & empire : the New South's cotton mill campaign, 1865-1901 /

Uloženo v:
Podrobná bibliografie
Hlavní autor: Hearden, Patrick J., 1942-
Médium: Kniha
Jazyk:English
Vydáno: DeKalb : Northern Illinois University Press, 1982.
Témata:
LEADER 01232nam a2200313 a 4500
001 c000046958
003 CARM
005 00000000000000.0
008 820210s1982 ilua b 00110 eng
019 1 |a 2179796  |5 LACONCORD2021 
020 |a 0875800831 
035 |a (OCoLC)8221764  |5 LACONCORD2021 
043 |a n-usu-- 
050 0 0 |a HD9877.A13  |b H4 1982 
100 1 |a Hearden, Patrick J.,  |d 1942- 
245 1 0 |a Independence & empire :  |b the New South's cotton mill campaign, 1865-1901 /  |c Patrick J. Hearden. 
260 |a DeKalb :  |b Northern Illinois University Press,  |c 1982. 
300 |a xv, 175 p. :  |b ill. ;  |c 24 cm. 
500 |a Includes index. 
504 |a Bibliography: p. [151]-162. 
650 0 |a Cotton trade  |z Southern States  |x History  |y 19th century. 
650 0 |a Textile industry  |z Southern States  |x History  |y 19th century. 
650 0 |a Reconstruction. 
651 0 |a Southern States  |x Economic conditions. 
740 0 1 |a Independence and empire. 
852 8 |b CARM  |h A2:AE27E0  |i C00177  |p 0010378  |f BK 
082 0 4 |a 338.4/767721/0975  |2 19 
999 f f |i f1e1cc62-7105-5056-ac0d-0c070d185d34  |s e5cf6db9-6130-510c-889a-c2a52908d174 
952 f f |p Can circulate  |a CAVAL  |b CAVAL  |c CAVAL  |d CARM 1 Store  |e C00177  |f A2:AE27E0  |h Other scheme  |i book  |m 0010378